000 00446nam a22001697a 4500
005 20251108172252.0
008 250721s1985 xx 000 0 ara d
082 1 4 _a613.7/يوج
100 1 _aيوجندا، شرى
245 1 0 _aاليوغا تطيل عمرك /
250 _aط6
264 1 _aبيروت :
_bدار العلم للملايين،
_c1985.
300 _a342ص
650 1 7 _aاليوغا
942 _2ddc
_cBK
999 _c74722
_d74722